000 00308nam a2200121 i 4500
001 bg
245 0 _aTablicy krugovych i giperboliceskich cinusów i kosinusov v radiannoj mere ugla.
260 _aMoskva,
_c1969.
040 _cBPK
041 _apol
942 _cKS
008 s pl f |000 0 pol
999 _c8744
_d8744
856 _uhttp://koha.tu.koszalin.pl/cgi-bin/koha/opac-detail.pl?biblionumber=8744
_yKatalog online BPK